Windows XP with office 2007 (Record no. 13685)
[ view plain ]
| 000 -LEADER | |
|---|---|
| fixed length control field | 00320nam a22001337a 4500 |
| 020 ## - INTERNATIONAL STANDARD BOOK NUMBER | |
| ISBN | 9789350040409 |
| 082 ## - DEWEY DECIMAL CLASSIFICATION NUMBER | |
| Classification number | 005.43 |
| Item number | GUP/WI |
| 100 ## - MAIN ENTRY--AUTHOR NAME | |
| Personal name | Gupta, Vikas |
| 245 ## - TITLE STATEMENT | |
| Title | Windows XP with office 2007 |
| 260 ## - PUBLICATION, DISTRIBUTION, ETC. (IMPRINT) | |
| Place of publication | New Delhi |
| Name of publisher | Dreanmtech Press |
| Year of publication | 2010 |
| 300 ## - PHYSICAL DESCRIPTION | |
| Accompanying material | CD |
| 490 ## - SERIES STATEMENT | |
| Series statement | COmdex computer course kit |
| 942 ## - ADDED ENTRY ELEMENTS (KOHA) | |
| Koha item type | Books |
| Withdrawn status | Lost status | Damaged status | Collection code | Home library | Current library | Shelving location | Date acquired | Source of acquisition | Cost, normal purchase price | Full call number | Accession Number | Koha item type |
|---|---|---|---|---|---|---|---|---|---|---|---|---|
| Non-fiction | KAUAET | KAUAET | General Stacks | 31/03/2012 | International Books and periodical supply service, New Delhi | 449.00 | 005.43 GUP/WI | 23523 | Books | |||
| Non-fiction | KAUAET | KAUAET | General Stacks | 31/03/2012 | International Books and periodical supply service, New Delhi | 449.00 | 005.43 GUP/WI | 23524 | Books | |||
| Non-fiction | KAUAET | KAUAET | General Stacks | 31/03/2012 | International Books and periodical supply service, New Delhi | 449.00 | 005.43 GUP/WI | 23525 | Books | |||
| Non-fiction | KAUAET | KAUAET | General Stacks | 31/03/2012 | International Books and periodical supply service, New Delhi | 449.00 | 005.43 GUP/WI | 23526 | Books | |||
| Non-fiction | KAUAET | KAUAET | General Stacks | 31/03/2012 | International Books and periodical supply service, New Delhi | 449.00 | 005.43 GUP/WI | 23527 | Books |
